Statistics for We Didn't Start The Fire Lyrics

Click here to take the quiz!

General Stats

  • This quiz has been taken 22 times
  • The average score is 33 of 73

Answer Stats

HintAnswer% Correct
Harry Truman,Doris Day
86%
Englands got aNew Queen
86%
Joe Dimaggio, Joe McCarthyRichard Nixon
71%
Stranger in aStrange land
71%
Belgians in theCongo
71%
Red ChinaJohnny Ray
71%
Brooklyn's got aWinning Team
71%
Terror on theAirline
67%
What else do i haveto say
67%
Lawrence ofArabia
67%
Trouble in theSuez
67%
I cant take thisAnymore
67%
JFKblown away
62%
Richard NixonBack again
62%
Russians inAfghanistan
62%
Elvis PresleyDisneyland
62%
StudebakerTelevision
57%
Bay of pigsInvasion
57%
Heavy MetalSuicide
57%
CommunistBloc
57%
Ayatollah's inIran
57%
BritishBeatlemania
52%
BardotBudapest
52%
RosenburgsH-Bomb
52%
SantayanaGoodbye
52%
North Korea South KoreaMarilyn Monroe
52%
Eisenhowervaccine
48%
EinsteinJames Dean
48%
Dien Bien Phu fallsRock around the clock
48%
watergatePunk rock
48%
Bridge on theRiver Kwai
48%
Chubby checkerPsycho
43%
Edsel is aNo go
43%
Pope PaulMalcolm X
43%
BritishPolitician Sex
43%
MarcianoLiberace
43%
CaliforniaBaseball
43%
DylanBerlin
43%
and theCatcher in the Rye
43%
South PacificWalter Winchell
43%
Davy CrockettPeter Pan
43%
Rock and rollercola wars
43%
Begin ReaganPalestine
43%
Moonshotwoodstock
38%
Ole missJohn Glenn
38%
Wheel of FortuneSally Ride
38%
China's underMartial law
38%
Payola andKennedy
38%
HemingwayEichman
38%
Hula hoopsCastro
38%
Space MonkeyMafia
38%
Buddy HollyBen Hur
38%
StarkweatherHomicide
38%
Princess GracePeyton Place
38%
Little RockPasternak
33%
Brandothe king and I
33%
Joseph StalinMalenkov
29%
Foreign debtshomeless vets
29%
Roy CohnJuan Peron
29%
TuscaniniDacron
29%
Mickey MantleKerouac
29%
Children ofThalidomide
29%
Sugar RayPanmunjom
24%
LebanonCharles De Gaulle
24%
Birth controlHo chi minh
24%
RockefellerCampanella
24%
Liston beatsPatterson
24%
Nasser andProkofiev
24%
Aids crackBernie Goetz
19%
Hypodermics on theshores
19%
AlabamaKrushchev
14%
U2Syngman Rhee
10%
SputnikChou en li
5%

Score Distribution

Percentile by Number Answered

Percent of People with Each Score

Your Score History

You have not taken this quiz